Statystyki dla Gminy Powiatu Gryfickiego(koniecznie przeczytaj opis)

Kliknij tutaj aby rozwiązać quiz!

Ogólne statystyki

  • Ten quiz został rozwiązany 8 razy
  • Średni wynik to 4 z 6

Statystyki odpowiedzi

L.pojMiasta gminne% Poprawnych
1.Gryfice
100%
4.Rewal
63%
2.Trzebiatów
63%
5.Karnice
50%
3.Płoty
50%
6.Brojce
25%

Rozkład punktacji

Percentyl według liczby udzielonych odpowiedzi

Procent ludzi z każdym wynikiem

Twoja historia wyników

Nie rozwiązałeś tego quizu